Statistics for Birds-of-prey

Click here to take the quiz!

General Stats

  • This quiz has been taken 17 times
    (7 since last reset)
  • The average score is 7 of 12

Answer Stats

HintAnswer% Correct
the most famous of raptors; the national symbol of the USAeagle
83%
resembles the above, except with a shorter beak and longer wingsfalcon
83%
long tails, short broad wings, and sharp eyeshawk
83%
a medium-large raptor, which catches mostly fish with its fishhook-like clawsosprey
83%
a nocturnal raptor with enormous eyes; can fly silently due to special feathersowl
83%
a mostly-terrestrial African raptor with long legs; famous for its powerful kicksecretary bird
67%
notable for their diet, which consists almost entirely of dead or dying animalsvulture
67%
very small; one of few birds who can hoverkite
50%
another prehistoric family, this one being flightless. While not technically raptors, they might as well be, as their diet consisted of anything from large snakes to small horsesphorusrhacids/terror birds
50%
a subgroup of falcons distinguished by their bright red-orange facescaracara
33%
another mostly-terrestrial raptor, this time from South America and often confused with the aboveseriema
33%
a prehistoric family of enormous opportunistic hunter/scavenger raptors, with some genera reaching a 16-foot wingspanteratornithidae/teratorns
17%

Score Distribution

Percentile by Number Answered

Percent of People with Each Score

Your Score History

You have not taken this quiz since the last reset